000 00623cab a2200217 4500
001 ABS45477
008 090401t1991 xxu||||| |||| 00| 0 eng d
035 _a(Sirsi) u53254
041 _aeng
245 _aMaking a mark
260 _c1991
350 _a0
490 _aNew Builder
_v(106) 14 November 1991, 19-28(8)
520 _aLooks at opportunities in Germany for British construction companies with particuar reference to former East Germany and Berlin.
650 _aCONSTRUCTION MARKET
650 _aDIN STANDARDS
650 _aGERMANY
690 _aOVERSEAS-EUROPE
942 _n0
948 _c04/03/1997
999 _c32843
_d32843